Wird geladen...

Advances in quantum chemistry.

Bibliographische Detailangaben
Weitere Verfasser: Lowdin, Per-Olov, 1916-2000 (ed.)
Format: Printed Book
Veröffentlicht: New York, Academic Press.
Schlagworte:
LEADER 02228cas a2200397 4500
035 |a (OCoLC)ocm01461252  
040 |a MnMULS  |c MnMULS  |d NAlULS  |d FU  |d MH  |d NSDP  |d DLC  |d NST  |d OCoLC  |d AIP  |d NST  |d PPBIO  |d GU  |d OCoLC  |d NLGGC  |d CaQQL  |d OCoLC  |d DLC  |d OCoLC  |d DLC 
042 |a nsdp  |a pcc 
050 0 0 |a QD453  |b .A28 
082 4 |a 541.383082 
210 0 |a Adv. quantum chem. 
222 0 |a Advances in quantum chemistry 
245 0 0 |a Advances in quantum chemistry. 
260 |a New York,  |b Academic Press.  |9 5567 
300 |a v.  |b ill.  |c 24 cm. 
362 0 |a v. 1- 1964- 
500 |a Editor: 1964- P.O. Lowdin. 
510 2 |a Chemical abstracts  |x 0009-2258 
530 |a Also issued online. 
590 |a SERBIB/SERLOC merged record 
650 0 |a Quantum chemistry. 
700 1 |a Lowdin, Per-Olov,  |d 1916-2000,  |e ed. 
850 |a CU-I  |a CoU  |a DLC  |a MH-O 
853 2 0 |8 1  |a v.  |i (year)  |w x 
906 |a 7  |b cbc  |c serials  |d 3  |e ncip  |f 19  |g n-oclcserc 
936 |a INC  |a v. 6 (surrogate) 
942 |2 ddc  |c BK 
999 |c 118548  |d 118548 
952 |0 0  |1 0  |2 ddc  |4 0  |6 541_280000000000000_LOW_A  |7 0  |9 129779  |a CHE  |b CHE  |c ST1  |d 2018-08-15  |h Vol.1  |i 1082  |l 0  |o 541.28 LOW/A  |p CHE1082  |r 2013-03-02  |y BK 
952 |0 0  |1 0  |2 ddc  |4 0  |6 541_280000000000000_LOW_A_2  |7 0  |9 129780  |a CHE  |b CHE  |c ST1  |d 2018-08-15  |h Vol.2  |i 1083  |l 0  |o 541.28 LOW/A.2  |p CHE1083  |r 2013-03-02  |y BK 
952 |0 0  |1 0  |2 ddc  |4 0  |6 541_280000000000000_LOW_A_3  |7 0  |9 129781  |a CHE  |b CHE  |c ST1  |d 2018-08-15  |h Vol.3  |i 1084  |l 0  |o 541.28 LOW/A.3  |p CHE1084  |r 2013-03-02  |y BK 
952 |0 0  |1 0  |2 ddc  |4 0  |6 541_280000000000000_LOW_A_6  |7 0  |9 129782  |a CHE  |b CHE  |c ST1  |d 2018-08-15  |h Vol.6  |i 2476  |l 0  |o 541.28 LOW/A.6  |p CHE2476  |r 2010-03-24  |y BK 
952 |0 0  |1 0  |2 ddc  |4 0  |6 541_280000000000000_LAO_A_7  |7 0  |9 129783  |a CHE  |b CHE  |c ST1  |d 1978-01-06  |h Vol.7  |i 3276  |l 0  |o 541.28 LAO/A.7  |p CHE3276  |r 2013-03-02  |y BK  |k USD 35.00 
952 |0 0  |1 0  |2 ddc  |4 0  |6 541_280000000000000_LOW_A_8  |7 0  |9 129784  |a CHE  |b CHE  |c ST1  |d 1978-01-06  |h Vol.8  |i 3277  |l 0  |o 541.28 LOW/A.8  |p CHE3277  |r 2013-03-02  |y BK  |k USD 35.00 
952 |0 0  |1 0  |2 ddc  |4 0  |6 541_280000000000000_LOW_A  |7 0  |9 129785  |a CHE  |b CHE  |c ST1  |d 2018-08-15  |h vol.4  |i 900  |l 0  |o 541.28 LOW/A  |p CHE900  |r 2013-03-02  |y BK 
952 |0 0  |1 0  |2 ddc  |4 0  |6 541_280000000000000_LOW_A_5  |7 0  |9 129786  |a CHE  |b CHE  |c ST1  |d 1985-01-16  |h Vol.5  |i 2545  |l 0  |o 541.28 LOW/A.5  |p CHE2545  |r 2010-03-24  |y BK